00248nam a2200097Ia 4500008004100000082001600041100002000057245004000077260002000117600001300137241002s9999 xx 000 0 und d a234.166 PUS aPusey, Edward B 4aThe confession of a saint Augustine aNew York:c1949 aReligion